Statistics for Houston Rockets All-Time Starting 5

Click here to take the quiz!

General Stats

  • This quiz has been taken 189 times
  • The average score is 5 of 7

Answer Stats

PositionPlayer% Correct
CHakeem Olajuwon
95%
PGJames Harden
95%
6th ManYao Ming
64%
SFTracy McGrady
63%
SGClyde Drexler
61%
PFMoses Malone
41%
CoachRudy Tomjanovich
41%

Score Distribution

Percentile by Number Answered

Percent of People with Each Score

Your Score History

You have not taken this quiz